Tabla input-output de la energía de España. 1985 / (Record no. 8954)
[ view plain ]
| 000 -LEADER | |
|---|---|
| campo de control de longitud fija | 00738nam a2200217 i 4500 |
| 001 - NÚMERO DE CONTROL | |
| campo de control | 8954 |
| 003 - IDENTIFICADOR DE NÚMERO DE CONTROL | |
| campo de control | ES-MaACL |
| 005 - FECHA Y HORA DE LA ÚLTIMA TRANSACCIÓN | |
| campo de control | 20230906145554.0 |
| 007 - CAMPO FIJO DE DESCRIPCIÓN FÍSICA--INFORMACIÓN GENERAL | |
| campo de control de longitud fija | t| |
| 008 - DATOS DE LONGITUD FIJA--INFORMACIÓN GENERAL | |
| campo de control de longitud fija | 921117s1991 sp |||| | spa d |
| 020 ## - NÚMERO INTERNACIONAL ESTÁNDAR DEL LIBRO | |
| Número Internacional Estándar del Libro | 84-260-2364-9 |
| 080 ## - NÚMERO DE LA CLASIFICACIÓN DECIMAL UNIVERSAL | |
| Número de la Clasificación Decimal Universal | 620.9(46):330.532(46) |
| 080 ## - NÚMERO DE LA CLASIFICACIÓN DECIMAL UNIVERSAL | |
| Número de la Clasificación Decimal Universal | 330.532(46):620.9(46) |
| 245 00 - MENCIÓN DEL TÍTULO | |
| Título | Tabla input-output de la energía de España. 1985 / |
| Mención de responsabilidad, etc. | Instituto Nacional de Estadística. |
| 260 ## - PUBLICACIÓN, DISTRIBUCIÓN, ETC. | |
| Lugar de publicación, distribución, etc. | Madrid : |
| Nombre del editor, distribuidor, etc. | I.N.E., |
| Fecha de publicación, distribución, etc. | 1991. |
| 300 ## - DESCRIPCIÓN FÍSICA | |
| Extensión | 124 p. ; |
| Dimensiones | 30 cm + |
| Material acompañante/anejo | 1 disquete. |
| 650 14 - PUNTO DE ACCESO ADICIONAL DE MATERIA--TÉRMINO DE MATERIA | |
| Término de materia o nombre geográfico como elemento de entrada | Industria energética- |
| Subdivisión geográfica | España- |
| Subdivisión de forma | Estadísticas. |
| 9 (RLIN) | 168134 |
| 650 #4 - PUNTO DE ACCESO ADICIONAL DE MATERIA--TÉRMINO DE MATERIA | |
| Término de materia o nombre geográfico como elemento de entrada | Consumo de energía- |
| Subdivisión geográfica | España- |
| Subdivisión de forma | Estadísticas. |
| 9 (RLIN) | 168135 |
| 710 2# - ENTRADA AGREGADA--NOMBRE DE ENTIDAD CORPORATIVA | |
| Nombre de entidad corporativa o nombre de jurisdicción como elemento de entrada | Instituto Nacional de Estadística (España) |
| 9 (RLIN) | 5162 |
| 852 ## - LOCALIZACIÓN | |
| Ubicación | ES-MaACL |
| Número de control de estantería | L-16402 |
| Estatus retirado | Estado de pérdida | Estado de daño | No para préstamo | Biblioteca de origen | Biblioteca actual | Ubicación en estantería | Fecha de adquisición | Fuente de adquisición | Total de préstamos | Signatura topográfica completa | Código de barras | Visto por última vez | Precio de reemplazo | Tipo de ítem Koha |
|---|---|---|---|---|---|---|---|---|---|---|---|---|---|---|
| Biblioteca del Ateneo de Madrid | Biblioteca del Ateneo de Madrid | Depósito 2 | 17/01/2008 | L-16402 | 1009142 | 23/02/2023 | 23/02/2023 | Libro impreso |
